| 000 | 00916nam a22002417a 4500 | ||
|---|---|---|---|
| 999 |
_c64738 _d64738 |
||
| 005 | 20240530110747.0 | ||
| 008 | 181208s2017 a g b 000 0 ara d | ||
| 017 |
_a2016/26890 _bمصر. دار الكتب |
||
| 020 | _a9789776567276 | ||
| 040 |
_aEG-CaGPL _cEG-CaGPL |
||
| 082 | 0 | 4 |
_221 _a345.0235 \ _bج ج |
| 100 | 0 | _aجواد كاظم طراد الصيرفى | |
| 245 | 1 | 2 |
_aالجرائم ضد الانسانية فى ضوء احكام القانون الدولى : _bدراسة مقارنة / _cجواد كاظم طراد الصيرفى |
| 250 | _aط.1 | ||
| 260 |
_aالقاهرة : _c2018 . |
||
| 300 |
_a335 ص. ؛ _c24 سم. |
||
| 504 | _aيشتمل على ارجاعات ببليوجرافية | ||
| 650 | 0 | 7 |
_2qrmak _aجرائم ضد الانسانية |
| 650 | 0 | 7 |
_aالقانون الدولى _2qrmak |
| 651 | _2qrmak | ||
| 942 |
_2ddc _cBK |
||